The climate change imaginary /
Збережено в:
| Автор: | |
|---|---|
| Формат: | Книга |
| Мова: | English |
| Теги: |
Додати тег
Немає тегів, Будьте першим, хто поставить тег для цього запису!
|
MARC
| LEADER | 00000nam a22000007a 4500 | ||
|---|---|---|---|
| 003 | cru CIDCACS/IIS | ||
| 005 | 20171130094144.0 | ||
| 007 | ta | ||
| 008 | 171130s2015 -uk|||p|r||||||0| ||eng d | ||
| 999 | |c 40678 |d 40678 | ||
| 040 | |c cru CIDCACS/IIS | ||
| 100 | 1 | |9 6158 |a Luke, Timothy W. | |
| 245 | |a The climate change imaginary / |c Timothy W. Luke | ||
| 300 | |a páginas 280-296 | ||
| 773 | 0 | |0 18701 |9 1658 |d Los Angeles: SAGE Publications |o 18369 |t Current Sociology / |x 00113921 | |
| 942 | |2 ddc |c PP | ||
